[Event "Asian Zone 3.3"]
[Site "Tagaytay City PHI"]
[Date "2013.01.24"]
[Round "3.2"]
[White "Megaranto, S."]
[Black "Nguyen Ngoc Truong Son"]
[Result "0-1"]
[WhiteElo "2529"]
[BlackElo "2631"]
[PlyCount "138"]
[EventDate "2013.01.22"]
[SourceDate "1999.07.01"]

1. d4 Nf6 2. Nf3 g6 3. c4 Bg7 4. Nc3 O-O 5. e4 d6 6. Be2 e5 7. O-O Nc6 8. d5
Ne7 9. b4 Nh5 10. Re1 Nf4 11. Bxf4 exf4 12. Rc1 h6 13. c5 g5 14. Nd4 Ng6 15.
Ncb5 a6 16. Na3 Qf6 17. Nf5 Bxf5 18. exf5 Nh4 19. Nc4 Nxf5 20. Bd3 Nd4 21. Na5
Rab8 22. Qg4 dxc5 23. bxc5 Rfd8 24. Be4 Re8 25. Nb3 Nxb3 26. axb3 Re5 27. f3
Qe7 28. Red1 Rd8 29. h4 Qf6 30. h5 a5 31. Kh2 Bf8 32. Rd3 Qa6 33. Rc4 Qb5 34.
d6 cxd6 35. Rcd4 Qxc5 36. Rd5 Qb6 37. Rxe5 dxe5 38. Qf5 Bg7 39. Rxd8+ Qxd8 40.
Bxb7 Qd4 41. Be4 Qf2 42. Bd5 Qg3+ 43. Kg1 Qe1+ 44. Kh2 Qh4+ 45. Qh3 Kf8 46.
Qxh4 gxh4 47. Kh3 f5 48. Be6 e4 49. fxe4 fxe4 50. Kxh4 Ke7 51. Bf5 e3 52. Bd3
Kd6 53. Kg4 Ke5 54. Kf3 Kd4 55. Bb5 Kc3 56. Kxf4 Bd4 57. Ke4 Bb6 58. g4 Kxb3
59. Kd3 Kb4 60. Be8 Bd4 61. Bf7 a4 62. Be6 a3 63. Ba2 Kc5 64. Bb3 Kd6 65. Ba2
Ke5 66. Ke2 Kf4 67. Be6 Bc5 68. Ba2 Kxg4 69. Bf7 Kh4 0-1

[Event "13th ch-CRO 2013"]
[Site "Plitvicka Jezera CRO"]
[Date "2013.01.23"]
[Round "3.2"]
[White "Kuljasevic, D."]
[Black "Saric, Iv"]
[Result "1/2-1/2"]
[WhiteElo "2557"]
[BlackElo "2614"]
[PlyCount "121"]
[EventDate "2013.01.21"]
[SourceDate "1999.07.01"]

1. d4 Nf6 2. c4 g6 3. Nc3 Bg7 4. e4 d6 5. Nf3 O-O 6. Be2 e5 7. O-O Nc6 8. d5
Ne7 9. b4 a5 10. Ba3 b6 11. bxa5 Nh5 12. Bb4 bxa5 13. Ba3 Nf4 14. c5 Nxe2+ 15.
Nxe2 Ba6 16. Re1 Qd7 17. Rb1 Nc8 18. Nc3 Bh6 19. Na4 f5 20. cxd6 cxd6 21. Nb6
Nxb6 22. Rxb6 fxe4 23. Rxd6 Qg4 24. h3 Qf4 25. Rxa6 Rxa6 26. Bxf8 Bxf8 27. Qe2
Rb6 28. Qxe4 Qxe4 29. Rxe4 Rb2 30. a4 Bd6 31. g4 Rb1+ 32. Kg2 Rd1 33. Nxe5 Rxd5
34. Nc4 Bb4 35. Re6 Rc5 36. Nd6 Rc2 37. Ne4 Ra2 38. Ra6 Rxa4 39. Ra7 h6 40. Kf3
Kf8 41. h4 Be7 42. h5 gxh5 43. gxh5 Bg5 44. Nc5 Rh4 45. Ne6+ Kg8 46. Kg3 Rxh5
47. Kg4 Rh2 48. f4 Bf6 49. Kf5 Bc3 50. Kg6 Rg2+ 51. Kxh6 Bd2 52. Kh5 Rg1 53. f5
Bc3 54. Ng5 Bd2 55. Nf3 Rh1+ 56. Kg4 Bc3 57. Kg5 Rh7 58. Ra8+ Kg7 59. Ra7+ Kg8
60. Ra8+ Kg7 61. Ra7+ 1/2-1/2

[Event "13th ch-CRO 2013"]
[Site "Plitvicka Jezera CRO"]
[Date "2013.01.26"]
[Round "6.6"]
[White "Kuljasevic, D."]
[Black "Kozul, Z."]
[Result "1-0"]
[WhiteElo "2557"]
[BlackElo "2637"]
[PlyCount "51"]
[EventDate "2013.01.21"]
[SourceDate "1999.07.01"]

1. d4 Nf6 2. c4 g6 3. Nc3 Bg7 4. e4 d6 5. Nf3 O-O 6. Be2 e5 7. O-O c6 8. Qc2
exd4 9. Nxd4 Re8 10. Bg5 Qa5 11. Bh4 Bg4 12. Rad1 Bxe2 13. Ndxe2 Qc5 14. b3 Na6
15. Kh1 Qa3 16. f3 d5 17. cxd5 Nb4 18. Qc1 Qxc1 19. Rxc1 cxd5 20. a3 Nd3 21.
Rcd1 dxe4 22. Bxf6 Bxf6 23. Nxe4 Red8 24. Nxf6+ Kg7 25. Ne4 f5 26. N4c3 1-0

[Event "13th ch-CRO 2013"]
[Site "Plitvicka Jezera CRO"]
[Date "2013.01.21"]
[Round "1.5"]
[White "Saric, A."]
[Black "Jovanovic, Zo CRO"]
[Result "1/2-1/2"]
[WhiteElo "2540"]
[BlackElo "2508"]
[PlyCount "54"]
[EventDate "2013.01.21"]
[SourceDate "1999.07.01"]

1. d4 Nf6 2. Nf3 g6 3. c4 Bg7 4. Nc3 O-O 5. e4 d6 6. Be2 e5 7. dxe5 dxe5 8.
Qxd8 Rxd8 9. Bg5 Re8 10. Nd5 Nxd5 11. cxd5 c6 12. Bc4 b5 13. Bb3 Bb7 14. Rc1 a5
15. a4 bxa4 16. Bxa4 Rc8 17. d6 f6 18. Bb3+ Kh8 19. Be3 Rd8 20. Nd2 a4 21. Bd1
Bf8 22. Nc4 Bxd6 23. Nxd6 Rxd6 24. Rc4 Nd7 25. Bxa4 c5 26. Bxd7 Ra1+ 27. Rc1
Rxc1+ 1/2-1/2

[Event "ch-BLR 2013"]
[Site "Minsk BLR"]
[Date "2013.01.13"]
[Round "2.2"]
[White "Zhigalko, A."]
[Black "Teterev, V."]
[Result "1-0"]
[WhiteElo "2589"]
[BlackElo "2536"]
[PlyCount "71"]
[EventDate "2013.01.12"]
[SourceDate "1999.07.01"]

1. d4 Nf6 2. c4 g6 3. Nc3 Bg7 4. e4 d6 5. Be2 O-O 6. Nf3 e5 7. O-O exd4 8. Nxd4
Re8 9. f3 c6 10. Kh1 Nh5 11. g4 Nf6 12. Bf4 h5 13. h3 hxg4 14. hxg4 Nh7 15. Bg3
Nd7 16. Qd2 Ne5 17. Rad1 Qe7 18. Kg2 a6 19. Rh1 Bd7 20. a4 Rad8 21. b3 Bc8 22.
Rh2 f6 23. Nc2 Nf7 24. Ne3 Nhg5 25. Rdh1 Qc7 26. b4 Qb6 27. Ncd1 a5 28. bxa5
Qb3 29. Nf2 Qxa4 30. Nd3 Ne5 31. Qc3 Qa2 32. Nc1 Qb1 33. Bxe5 dxe5 34. Bd3 Rxd3
35. Nxd3 Qa2+ 36. Kg3 1-0

[Event "Margaryan Mem 2013"]
[Site "Yerevan ARM"]
[Date "2013.01.09"]
[Round "2.5"]
[White "Goganov, A."]
[Black "Baryshpolets, A."]
[Result "1/2-1/2"]
[WhiteElo "2545"]
[BlackElo "2502"]
[PlyCount "158"]
[EventDate "2013.01.08"]
[SourceDate "1999.07.01"]

1. d4 Nf6 2. c4 g6 3. Nc3 Bg7 4. e4 d6 5. Nf3 O-O 6. Be2 e5 7. O-O Nc6 8. d5
Ne7 9. b4 a5 10. Ba3 Nd7 11. bxa5 Rxa5 12. Bb4 Ra8 13. a4 Bh6 14. a5 f5 15. Bd3
Kh8 16. Re1 Nf6 17. c5 fxe4 18. Nxe4 Nxe4 19. Bxe4 Bf5 20. cxd6 cxd6 21. Qd3
Qd7 22. Qa3 Bxe4 23. Rxe4 Nf5 24. h3 Rad8 25. Bc3 Kg8 26. Rb1 Qf7 27. Rb5 Rd7
28. Qb3 Rc8 29. Bb2 Rdc7 30. g4 Ne7 31. Nxe5 dxe5 32. d6 Qxb3 33. Rxb3 Rd7 34.
dxe7 Rxe7 35. Ba3 Rf7 36. Rxe5 Bg7 37. Re7 Rxe7 38. Bxe7 Rc7 39. Bd8 Rd7 40.
Bb6 Be5 41. Rb5 Bf6 42. Kg2 Kf7 43. Kf3 Ke6 44. Ke4 Bc3 45. f4 Bf6 46. Rb1 Rd2
47. Bc7 Re2+ 48. Kd3 Rb2 49. Rxb2 Bxb2 50. Ke4 Bc3 51. Bb6 Be1 52. f5+ gxf5+
53. gxf5+ Kf7 54. Ke5 Bg3+ 55. Kd5 Kf6 56. Ke4 Kf7 57. Bd8 Ke8 58. Bg5 Be1 59.
Kd5 Kf7 60. Bd8 Ke8 61. Bb6 Ke7 62. Ke5 Bg3+ 63. Ke4 Kf7 64. Bd8 Ke8 65. Bf6
Be1 66. Kd5 Kf7 67. Bd8 Ke8 68. Bc7 Ke7 69. Bb6 Kf6 70. Ke4 Kf7 71. Kf4 Ke7 72.
Kg5 Bd2+ 73. Kg4 Be1 74. h4 Kf7 75. h5 Ke7 76. Kf4 Kf7 77. Ke5 Bg3+ 78. Kd5 Kf6
79. Ke4 Bc7 1/2-1/2

[Event "XLII Rilton Cup"]
[Site "Stockholm SWE"]
[Date "2013.01.02"]
[Round "6.1"]
[White "Krasenkow, M."]
[Black "Smirin, I."]
[Result "1/2-1/2"]
[WhiteElo "2628"]
[BlackElo "2652"]
[PlyCount "54"]
[EventDate "2012.12.27"]
[SourceDate "1999.07.01"]

1. Nf3 Nf6 2. c4 g6 3. Nc3 Bg7 4. e4 d6 5. d4 O-O 6. Be2 e5 7. d5 Nbd7 8. Be3
Ng4 9. Bg5 f6 10. Bd2 f5 11. Ng5 Ndf6 12. exf5 gxf5 13. h3 Nh6 14. Ne6 Bxe6 15.
dxe6 f4 16. Qc2 Qe7 17. g4 fxg3 18. fxg3 Qxe6 19. g4 Nd7 20. O-O-O c6 21. Bd3
Kh8 22. Bxh7 d5 23. g5 Nf5 24. cxd5 cxd5 25. Bxf5 Rxf5 26. Nxd5 e4 27. Nc3 Nc5
1/2-1/2

[Event "XXIII Krakow Open"]
[Site "Krakow POL"]
[Date "2012.12.29"]
[Round "4.1"]
[White "Bernadskiy, V."]
[Black "Mozharov, M."]
[Result "1/2-1/2"]
[WhiteElo "2500"]
[BlackElo "2518"]
[PlyCount "67"]
[EventDate "2012.12.27"]
[SourceDate "1999.07.01"]

1. d4 Nf6 2. c4 g6 3. Nc3 Bg7 4. e4 d6 5. Nf3 O-O 6. Be2 e5 7. O-O Na6 8. Be3
Ng4 9. Bg5 f6 10. Bc1 Nh6 11. c5 exd4 12. Bxa6 dxc3 13. Bc4+ Nf7 14. cxd6 Kh8
15. dxc7 Qxc7 16. Qb3 f5 17. exf5 Nd6 18. Bd5 Bxf5 19. bxc3 Qxc3 20. Ba3 Qxb3
21. Bxb3 Nb5 22. Bxf8 Bxa1 23. Bc5 Bf6 24. a4 Nc3 25. a5 b6 26. axb6 axb6 27.
Bb4 Ne2+ 28. Kh1 Nd4 29. Nxd4 Bxd4 30. f3 Kg7 31. g4 Bd3 32. Rd1 Ra1 33. Rxa1
Bxa1 34. Kg2 1/2-1/2

[Event "Hilton Master Open 2013"]
[Site "Basel SUI"]
[Date "2013.01.05"]
[Round "7.5"]
[White "Pelletier, Y."]
[Black "Fier, A."]
[Result "1/2-1/2"]
[WhiteElo "2604"]
[BlackElo "2573"]
[PlyCount "65"]
[EventDate "2013.01.01"]
[SourceDate "1999.07.01"]

1. Nf3 Nf6 2. c4 g6 3. Nc3 Bg7 4. e4 O-O 5. d4 d6 6. Be2 e5 7. O-O Nbd7 8. Be3
c6 9. Qc2 h6 10. Rad1 Qe7 11. dxe5 dxe5 12. h3 Nh5 13. Rfe1 Nf4 14. Bf1 Nc5 15.
Bxf4 exf4 16. e5 Bf5 17. Qc1 g5 18. b4 Ne6 19. c5 a5 20. a3 axb4 21. axb4 b6
22. cxb6 Qxb4 23. Rd6 Qxb6 24. Nd5 Qa7 25. Rxc6 Kh8 26. Nb6 Rab8 27. Nc8 Qa5
28. Ra6 Qc5 29. Nd6 Bg6 30. Qxc5 Nxc5 31. Ra7 Rbd8 32. Bc4 f6 33. exf6 1/2-1/2

[Event "World Cities Team KO"]
[Site "Al-Ain UAE"]
[Date "2012.12.25"]
[Round "1.17"]
[White "Lenic, L."]
[Black "Ivanisevic, I."]
[Result "0-1"]
[WhiteElo "2637"]
[BlackElo "2633"]
[PlyCount "78"]
[EventDate "2012.12.22"]
[SourceDate "1999.07.01"]
[WhiteTeam "Ptuj"]
[BlackTeam "Novi Sad"]

1. d4 d6 2. Nf3 Nf6 3. c4 g6 4. Nc3 Bg7 5. e4 O-O 6. Be2 e5 7. O-O Nc6 8. d5
Ne7 9. Ne1 Nd7 10. Nd3 f5 11. f3 Kh8 12. Bd2 Nf6 13. Rc1 c6 14. Be3 a6 15. a4
a5 16. b4 axb4 17. Nxb4 f4 18. Bf2 c5 19. Nd3 g5 20. Rb1 Ng6 21. Rb3 Rf7 22.
Be1 Bf8 23. g4 Be7 24. h3 Qf8 25. Kg2 Bd8 26. Ra3 h5 27. Nb5 Ba5 28. Bf2 Kg8
29. Rb3 Rh7 30. Rh1 b6 31. Rb1 Ba6 32. Na3 Raa7 33. Nc1 hxg4 34. hxg4 Rxh1 35.
Qxh1 Rh7 36. Qg1 Qh6 37. Kf1 Nxe4 38. fxe4 Qh3+ 39. Qg2 Qxa3 0-1

[Event "IX Regina Helena Marques Prol"]
[Site "Santos BRA"]
[Date "2012.12.15"]
[Round "8.3"]
[White "Fier, A."]
[Black "Flores, Di"]
[Result "1-0"]
[WhiteElo "2567"]
[BlackElo "2599"]
[PlyCount "47"]
[EventDate "2012.12.10"]
[SourceDate "1999.07.01"]

1. d4 Nf6 2. c4 g6 3. Nc3 Bg7 4. e4 d6 5. Nf3 O-O 6. Be2 e5 7. O-O exd4 8. Nxd4
Re8 9. f3 c6 10. Kh1 Nh5 11. g4 Nf6 12. Be3 h5 13. g5 Nh7 14. Qd2 Nd7 15. Rad1
Qe7 16. Nb3 Be5 17. f4 Bxc3 18. Qxc3 Qxe4+ 19. Bf3 Qxe3 20. Rde1 Qxf4 21. Rxe8+
Nhf8 22. Bg2 Qxg5 23. Bh3 Nb6 24. Qh8+ 1-0

[Event "19th Zadar Open A"]
[Site "Zadar CRO"]
[Date "2012.12.17"]
[Round "3.2"]
[White "Saric, A."]
[Black "Kozul, Z."]
[Result "1/2-1/2"]
[WhiteElo "2533"]
[BlackElo "2638"]
[PlyCount "83"]
[EventDate "2012.12.16"]
[EventType "swiss"]
[SourceDate "1999.07.01"]

1. Nf3 Nf6 2. c4 g6 3. Nc3 Bg7 4. e4 d6 5. d4 O-O 6. Be2 e5 7. O-O Nbd7 8. Re1
c6 9. Bf1 a5 10. dxe5 dxe5 11. Na4 b6 12. Qd6 Ra7 13. Bg5 h6 14. Bh4 Qc7 15.
Rad1 g5 16. Bg3 Nh5 17. c5 b5 18. Nb6 Nxg3 19. hxg3 a4 20. b4 axb3 21. axb3 Re8
22. Qxc7 Rxc7 23. Nxc8 Rexc8 24. b4 Ra8 25. Ra1 Rca7 26. Rxa7 Rxa7 27. Rd1 Bf8
28. Bd3 Be7 29. Bc2 Kf8 30. Bb3 Ke8 31. Ne1 Bxc5 32. bxc5 Nxc5 33. Bc2 Ne6 34.
Nf3 f6 35. Rd6 Ke7 36. Rxc6 Ra1+ 37. Kh2 Rc1 38. g4 Kd7 39. Rc3 Ke7 40. Rc6 Kd7
41. Rc3 Ke7 42. Rc6 1/2-1/2

[Event "19th Zadar Open A"]
[Site "Zadar CRO"]
[Date "2012.12.19"]
[Round "5.1"]
[White "Sumets, A."]
[Black "Kozul, Z."]
[Result "1-0"]
[WhiteElo "2638"]
[BlackElo "2638"]
[PlyCount "99"]
[EventDate "2012.12.16"]
[EventType "swiss"]
[SourceDate "1999.07.01"]

1. d4 Nf6 2. c4 g6 3. Nc3 Bg7 4. e4 d6 5. Nf3 O-O 6. Be2 e5 7. O-O c6 8. d5 Na6
9. Ne1 Nc5 10. f3 cxd5 11. cxd5 Nh5 12. Be3 a6 13. b4 Nd7 14. Nd3 Nf4 15. Rc1
Qg5 16. Nxf4 exf4 17. Bd4 Ne5 18. Na4 Bh3 19. Rf2 Rac8 20. Rxc8 Rxc8 21. Nb6
Rc7 22. b5 axb5 23. Kh1 Ng4 24. gxh3 Bxd4 25. Qxd4 Rc1+ 26. Bf1 Ne3 27. Qb2 Re1
28. Qd2 Rb1 29. Qe2 Qh4 30. e5 dxe5 31. d6 Rd1 32. d7 Rd6 33. Qb2 Nd1 34. Rd2
Rxd7 35. Nxd7 Nxb2 36. Rxb2 b4 37. Re2 f6 38. Nc5 Qh5 39. Kg2 Qf5 40. Rd2 Kg7
41. Ne4 Qc8 42. Bb5 Qa8 43. h4 f5 44. Rd7+ Kf8 45. Ng5 Qxa2+ 46. Kh3 e4 47. Rc7
Qb2 48. Nxh7+ Kg8 49. Bc4+ Kh8 50. Ng5 1-0

[Event "SportAccord Rapid Men 2012"]
[Site "Beijing CHN"]
[Date "2012.12.14"]
[Round "2.3"]
[White "Fressinet, L."]
[Black "Grischuk, A."]
[Result "1/2-1/2"]
[WhiteElo "2700"]
[BlackElo "2764"]
[PlyCount "84"]
[EventDate "2012.12.14"]
[SourceDate "1999.07.01"]

1. d4 Nf6 2. Nf3 g6 3. c4 Bg7 4. Nc3 O-O 5. e4 d6 6. Be2 e5 7. O-O Nc6 8. d5
Ne7 9. b4 a5 10. Ba3 axb4 11. Bxb4 b6 12. a4 Re8 13. Re1 Bf8 14. Bf1 c5 15. Ba3
Bg7 16. Bb2 Rf8 17. Nb5 Ne8 18. Nd2 f5 19. Bc3 f4 20. a5 bxa5 21. Ra4 g5 22.
Qa1 Ng6 23. Rxa5 Rxa5 24. Qxa5 Qf6 25. Rb1 f3 26. g3 h5 27. Na7 Bg4 28. Nc6 h4
29. Qd8 hxg3 30. hxg3 Qxd8 31. Nxd8 Bf6 32. Nc6 Bh5 33. Rb8 g4 34. Bd3 Nh8 35.
Nf1 Bg5 36. Bd2 Bxd2 37. Nxd2 Nf7 38. Ne7+ Kg7 39. Nf5+ Kg8 40. Ne7+ Kg7 41.
Nf5+ Kg8 42. Ne7+ Kg7 1/2-1/2

[Event "Amplico ch-EUR Blitz"]
[Site "Warsaw POL"]
[Date "2012.12.14"]
[Round "9.1"]
[White "Sargissian, G."]
[Black "Vachier Lagrave, M."]
[Result "0-1"]
[WhiteElo "2666"]
[BlackElo "2711"]
[PlyCount "122"]
[EventDate "2012.12.14"]
[SourceDate "1999.07.01"]

1. Nf3 Nf6 2. c4 g6 3. Nc3 Bg7 4. e4 d6 5. d4 O-O 6. Be2 e5 7. O-O Na6 8. Re1
Qe8 9. dxe5 dxe5 10. h3 c6 11. Be3 Qe7 12. a3 Rd8 13. Qc2 Nc7 14. b4 Ne6 15.
Rad1 Nh5 16. Rxd8+ Qxd8 17. Rd1 Qe7 18. g3 Bd7 19. Bf1 a5 20. b5 Be8 21. Qb2
Rd8 22. Rxd8 Qxd8 23. Qd2 Nd4 24. Bg2 Qd6 25. a4 Bd7 26. Ne2 c5 27. Nc3 Be6 28.
Nd5 Nf6 29. Nxd4 cxd4 30. Bg5 Bxd5 31. cxd5 b6 32. Qc2 Nd7 33. Qc6 Bf8 34. Qxd6
Bxd6 35. Bd8 Kf8 36. Bf1 Ke8 37. Bg5 Nc5 38. f4 Nxe4 39. Bh6 Nxg3 40. fxe5 Bxe5
41. Bc4 Nf5 42. Bd2 Nd6 43. Bd3 f5 44. Kg2 Kf7 45. Bg5 Bf6 46. Bf4 Ke7 47. Kf3
Kd7 48. Bg3 Nf7 49. Bf4 Ne5+ 50. Bxe5 Bxe5 51. Bc4 Kd6 52. Ke2 Kc5 53. Kd3 g5
54. Bb3 g4 55. hxg4 fxg4 56. Bd1 h5 57. Ke4 Bd6 58. Be2 g3 59. Bf1 h4 60. Bh3
Kc4 61. Kf5 d3 0-1

[Event "Amplico ch-EUR Blitz"]
[Site "Warsaw POL"]
[Date "2012.12.14"]
[Round "9.2"]
[White "Banusz, T."]
[Black "Nyzhnyk, I."]
[Result "0-1"]
[WhiteElo "2580"]
[BlackElo "2637"]
[PlyCount "72"]
[EventDate "2012.12.14"]
[SourceDate "1999.07.01"]

1. c4 Nf6 2. Nf3 g6 3. Nc3 Bg7 4. e4 d6 5. d4 O-O 6. Be2 e5 7. d5 Na6 8. Bg5
Qe8 9. Nd2 Nd7 10. Be3 f5 11. f3 Nf6 12. O-O f4 13. Bf2 g5 14. Rb1 h5 15. b4
Qg6 16. Kh1 Rf7 17. c5 Bf8 18. Nc4 Rg7 19. b5 Nb8 20. b6 axb6 21. cxd6 Bxd6 22.
Nxd6 cxd6 23. Rxb6 g4 24. Bh4 gxf3 25. Bxf3 Ng4 26. Qe2 Nd7 27. Rb2 Nc5 28. Rc1
Bd7 29. Nb5 Bxb5 30. Rxb5 Ra3 31. Qb2 Re3 32. Rbxc5 dxc5 33. h3 Nf6 34. Rxc5
Rxf3 35. Rc8+ Kh7 36. Rf8 Rxh3+ 0-1

[Event "Amplico ch-EUR Blitz"]
[Site "Warsaw POL"]
[Date "2012.12.14"]
[Round "10.2"]
[White "Ragger, M."]
[Black "Tkachiev, V."]
[Result "1/2-1/2"]
[WhiteElo "2655"]
[BlackElo "2650"]
[PlyCount "80"]
[EventDate "2012.12.14"]
[SourceDate "1999.07.01"]

1. d4 Nf6 2. Nf3 g6 3. c4 Bg7 4. Nc3 d6 5. e4 O-O 6. Be2 e5 7. O-O c6 8. d5 Na6
9. Ne1 Nc5 10. f3 cxd5 11. cxd5 a5 12. Be3 Ne8 13. Rc1 f5 14. Nd3 b6 15. a3 Nf6
16. b4 axb4 17. axb4 fxe4 18. Nxc5 exf3 19. Bxf3 bxc5 20. bxc5 e4 21. Nxe4 Nxe4
22. Bxe4 Re8 23. Qf3 Qe7 24. cxd6 Qxe4 25. Rxc8 Raxc8 26. d7 Qxf3 27. Rxf3 Red8
28. dxc8=Q Rxc8 29. Bg5 Bd4+ 30. Kf1 Rc5 31. Bh6 Bg7 32. Bxg7 Kxg7 33. Rd3 Kf6
34. d6 Rc8 35. Kf2 Ke6 36. d7 Rd8 37. Kf3 Rxd7 38. Rxd7 Kxd7 39. Kf4 Ke6 40.
Kg5 Kf7 1/2-1/2

[Event "Russia Cup Final 2012"]
[Site "Khanty-Mansiisk RUS"]
[Date "2012.12.06"]
[Round "2.1"]
[White "Khismatullin, D."]
[Black "Kokarev, Dm"]
[Result "1-0"]
[WhiteElo "2647"]
[BlackElo "2623"]
[PlyCount "71"]
[EventDate "2012.12.04"]
[SourceDate "1999.07.01"]

1. d4 Nf6 2. c4 g6 3. Nc3 Bg7 4. e4 d6 5. Nf3 O-O 6. Be2 e5 7. O-O c6 8. Re1
Na6 9. Be3 exd4 10. Nxd4 Re8 11. f3 Nh5 12. Qd2 Qh4 13. Bf1 Be5 14. g3 Nxg3 15.
hxg3 Bxg3 16. Bg2 Qh2+ 17. Kf1 Bxe1 18. Rxe1 Bh3 19. Bxh3 Qxh3+ 20. Ke2 Qh2+
21. Bf2 Nc7 22. Qc1 d5 23. Rh1 Qe5 24. Qh6 dxe4 25. Qxh7+ Kf8 26. fxe4 Qg7 27.
Qh2 Re5 28. Qg3 Ne6 29. Nxe6+ Rxe6 30. Be3 Ke8 31. Qh3 Kd8 32. Bg5+ Kd7 33.
Rd1+ Ke8 34. Rd3 Qe5 35. Qh7 Qc5 36. Qh8+ 1-0

[Event "XVIII Navalmoral Open"]
[Site "Navalmoral de la Mata ESP"]
[Date "2012.12.08"]
[Round "7.1"]
[White "Peralta, Fe"]
[Black "Matamoros Franco, C."]
[Result "1/2-1/2"]
[WhiteElo "2612"]
[BlackElo "2519"]
[PlyCount "71"]
[EventDate "2012.12.05"]
[SourceDate "1999.07.01"]

1. d4 Nf6 2. c4 g6 3. Nc3 Bg7 4. e4 d6 5. Nf3 O-O 6. Be2 e5 7. Be3 exd4 8. Nxd4
Re8 9. f3 c6 10. Bf2 d5 11. exd5 cxd5 12. O-O Nc6 13. c5 Re5 14. Qa4 Bd7 15.
Bb5 Bf8 16. Nxc6 bxc6 17. Bxc6 Bxc6 18. Qxc6 Rc8 19. Qa4 Bxc5 20. Bxc5 Rxc5 21.
Qd4 Qe7 22. Rad1 Re6 23. h3 Qc7 24. f4 Rc4 25. Nxd5 Rxd4 26. Nxc7 Rxd1 27. Rxd1
Re2 28. Rd8+ Kg7 29. Ra8 Rxb2 30. Rxa7 Nh5 31. Ne8+ Kf8 32. f5 gxf5 33. Nd6 Ng3
34. Kh2 Nf1+ 35. Kh1 Ng3+ 36. Kh2 1/2-1/2

[Event "22nd TCh-SLO 2012"]
[Site "Slovenia SLO"]
[Date "2012.12.08"]
[Round "8"]
[White "Lenic, L."]
[Black "Markus, Rob"]
[Result "1/2-1/2"]
[WhiteElo "2637"]
[BlackElo "2619"]
[PlyCount "61"]
[EventDate "2012.11.23"]
[SourceDate "1999.07.01"]
[WhiteTeam "ZSK Maribor"]
[BlackTeam "SK Nova Gorica"]

1. d4 Nf6 2. c4 g6 3. Nc3 Bg7 4. e4 d6 5. Nf3 O-O 6. Be2 e5 7. O-O exd4 8. Nxd4
Re8 9. f3 c6 10. Nc2 Na6 11. Be3 d5 12. cxd5 cxd5 13. exd5 Nb4 14. Bf2 Nbxd5
15. Nxd5 Qxd5 16. Qxd5 Nxd5 17. Bb5 Rd8 18. Bh4 Bf6 19. Bxf6 Nxf6 20. Rfd1 Bd7
21. Bxd7 Rxd7 22. Rxd7 Nxd7 23. Rd1 Nb6 24. Ne3 Kf8 25. Kf2 Ke7 26. Nd5+ Nxd5
27. Rxd5 Rc8 28. Rd2 h5 29. Ke3 Ke6 30. h4 Rc4 31. g3 1/2-1/2

[Event "FIDE WCh Women World Cup"]
[Site "Khanty-Mansiysk RUS"]
[Date "2012.11.22"]
[Round "4.3"]
[White "Zhao Xue"]
[Black "Harika, D."]
[Result "0-1"]
[WhiteElo "2565"]
[BlackElo "2512"]
[PlyCount "66"]
[EventDate "2012.11.11"]
[SourceDate "1999.07.01"]

1. d4 d6 2. Nf3 Nf6 3. c4 g6 4. Nc3 Bg7 5. e4 O-O 6. Be2 e5 7. Be3 exd4 8. Nxd4
Re8 9. f3 c6 10. Bf2 d5 11. exd5 cxd5 12. O-O Nc6 13. c5 Bf8 14. Nb3 Bh6 15.
Re1 a6 16. Na4 Be6 17. Nb6 Rb8 18. Bf1 Nh5 19. Nd4 Nxd4 20. Qxd4 Bg7 21. Qd2
Qf6 22. Rab1 d4 23. b4 Rbd8 24. Re4 g5 25. Rd1 d3 26. Qe3 Nf4 27. a4 Rf8 28. g3
Nh3+ 29. Bxh3 Bxh3 30. g4 Qc3 31. Qxg5 d2 32. Be3 Qb3 33. Rxd2 Rxd2 0-1

[Event "62nd ch-HUN 2012"]
[Site "Heviz HUN"]
[Date "2012.11.22"]
[Round "1.3"]
[White "Horvath, Jo1"]
[Black "Pap, G."]
[Result "1-0"]
[WhiteElo "2539"]
[BlackElo "2553"]
[PlyCount "61"]
[EventDate "2012.11.22"]
[SourceDate "1999.07.01"]

1. c4 g6 2. d4 Bg7 3. e4 d6 4. Nc3 Nf6 5. Nf3 O-O 6. Be2 e5 7. O-O Nc6 8. d5
Ne7 9. Nd2 c5 10. Rb1 Ne8 11. b4 b6 12. bxc5 dxc5 13. a4 Bd7 14. a5 Nd6 15.
axb6 axb6 16. Bb2 f5 17. Ra1 Qc7 18. Rxa8 Rxa8 19. Qb3 h6 20. Ra1 Rxa1+ 21.
Bxa1 g5 22. h3 Ng6 23. exf5 Nxf5 24. Nb5 Qd8 25. Bg4 Qe7 26. Qb1 Qf8 27. Nc7
Nf4 28. Ne6 Bxe6 29. dxe6 Nd4 30. Bxd4 exd4 31. Qe4 1-0

[Event "VIII Governor's Cup"]
[Site "Khanty-Mansiysk RUS"]
[Date "2012.11.17"]
[Round "3.4"]
[White "Khismatullin, D."]
[Black "Mamedov, Rau"]
[Result "1/2-1/2"]
[WhiteElo "2646"]
[BlackElo "2647"]
[PlyCount "35"]
[EventDate "2012.11.15"]
[SourceDate "1999.07.01"]

1. d4 Nf6 2. c4 g6 3. Nf3 Bg7 4. Nc3 O-O 5. e4 d6 6. Be2 e5 7. O-O exd4 8. Nxd4
Re8 9. f3 Nc6 10. Nc2 Nh5 11. g4 Be5 12. gxh5 Bxh2+ 13. Kxh2 Qh4+ 14. Kg1 Qg3+
15. Kh1 Qh3+ 16. Kg1 Qg3+ 17. Kh1 Qh3+ 18. Kg1 1/2-1/2

[Event "VIII Governor's Cup"]
[Site "Khanty-Mansiysk RUS"]
[Date "2012.11.23"]
[Round "9.3"]
[White "Romanov, E."]
[Black "Mamedov, Rau"]
[Result "1/2-1/2"]
[WhiteElo "2616"]
[BlackElo "2647"]
[PlyCount "47"]
[EventDate "2012.11.15"]
[SourceDate "1999.07.01"]

1. d4 Nf6 2. c4 g6 3. Nc3 Bg7 4. e4 d6 5. Nf3 O-O 6. Be2 e5 7. O-O exd4 8. Nxd4
Re8 9. f3 Nc6 10. Be3 Nh5 11. Qd2 Nxd4 12. Bxd4 Nf4 13. Rfd1 Bxd4+ 14. Qxd4
Nxe2+ 15. Nxe2 b6 16. Nc3 Bb7 17. Rac1 Qg5 18. Nd5 Bxd5 19. cxd5 Re7 20. Qd2
Qe5 21. Qd4 Qg5 22. Qd2 Qe5 23. Qd4 Qg5 24. Qd2 1/2-1/2

[Event "TCh-ESP CECLUB Div Honor 2012"]
[Site "Leon ESP"]
[Date "2012.11.08"]
[Round "4.4"]
[White "Delchev, A."]
[Black "Hamdouchi, H."]
[Result "1-0"]
[WhiteElo "2587"]
[BlackElo "2623"]
[PlyCount "81"]
[EventDate "2012.11.05"]
[SourceDate "1999.07.01"]
[WhiteTeam "C.A. Solvay"]
[BlackTeam "Gros Xake-Taldea"]

1. Nf3 Nf6 2. c4 g6 3. Nc3 Bg7 4. e4 d6 5. d4 O-O 6. Be2 e5 7. d5 Na6 8. Nd2
Ne8 9. h4 f5 10. h5 gxh5 11. exf5 Bxf5 12. Nde4 Nc5 13. Ng3 e4 14. Nxh5 Bg4 15.
Kf1 Bxh5 16. Rxh5 Nf6 17. Rh3 Qe7 18. Be3 Nfd7 19. Qc2 a5 20. g3 Rf6 21. Kg2
Raf8 22. Rah1 h6 23. Rh4 Rf5 24. Bg4 Re5 25. Bxh6 Nf6 26. Be3 Qf7 27. Qe2 Nxg4
28. Qxg4 Qf3+ 29. Kg1 Qxg4 30. Rxg4 Nd3 31. b3 Rfe8 32. Bd4 e3 33. fxe3 R8e7
34. Bxe5 Nxe5 35. Re4 Kf7 36. Kg2 Kg6 37. Nb5 Bf6 38. Nd4 c6 39. dxc6 bxc6 40.
Nf3 Rb7 41. Rd1 1-0

[Event "TCh-ESP CECLUB Div Honor 2012"]
[Site "Leon ESP"]
[Date "2012.11.11"]
[Round "7.3"]
[White "Hamdouchi, H."]
[Black "Goganov, A."]
[Result "0-1"]
[WhiteElo "2623"]
[BlackElo "2530"]
[PlyCount "68"]
[EventDate "2012.11.05"]
[SourceDate "1999.07.01"]
[WhiteTeam "Gros Xake-Taldea"]
[BlackTeam "C.A. Reverte Albox"]

1. c4 g6 2. Nc3 Bg7 3. e4 d6 4. d4 Nf6 5. Nf3 O-O 6. Be2 e5 7. Be3 exd4 8. Nxd4
Re8 9. f3 c6 10. Qd2 d5 11. exd5 cxd5 12. c5 Nc6 13. Bf2 Bf8 14. O-O-O Ne5 15.
Nb3 Be6 16. Bb5 Bd7 17. Bxd7 Qxd7 18. Nxd5 Nxd5 19. Qxd5 Qf5 20. Be3 a5 21.
Rhf1 a4 22. Na1 a3 23. b3 Rad8 24. Qxd8 Rxd8 25. Rxd8 Ng4 26. fxg4 Qxf1+ 27.
Kd2 Qxg2+ 28. Kd3 Qf1+ 29. Kd2 Qf6 30. Rc8 Qxa1 31. Bh6 Qd4+ 32. Kc2 Qf2+ 33.
Bd2 Kg7 34. b4 Be7 0-1